Loading...
Fine Arts - Visual Fine Arts | 0 | 4 | 0 | 0 | 40 | 60 | 84.75 | 1 | 4 |
Literature - British Literature | 0 | 2 | 0 | 0 | 20 | 81 | 90.00 | 0 | 1 |
Fine Arts - Other Fine Arts | 0 | 2 | 0 | 0 | 20 | 88 | 108.00 | 0 | 1 |
Fine Arts - Classical Music | 0 | 2 | 1 | 0 | 15 | 89 | 96.00 | 0 | 1 |
Literature - World/Other Literature | 0 | 1 | 0 | 0 | 10 | 75 | 75.00 | 0 | 1 |
History - American History | 0 | 1 | 0 | 0 | 10 | 119 | 119.00 | 0 | 0 |
History - World History | 0 | 1 | 0 | 0 | 10 | 69 | 69.00 | 0 | 1 |
Literature - European Literature | 0 | 1 | 0 | 0 | 10 | 104 | 104.00 | 0 | 1 |
Mythology | 0 | 1 | 0 | 0 | 10 | 62 | 62.00 | 0 | 1 |
Pop Culture | 0 | 1 | 0 | 0 | 10 | 54 | 54.00 | 1 | 1 |
Science - Chemistry | 0 | 1 | 0 | 0 | 10 | 115 | 115.00 | 0 | 0 |
Science - Biology | 0 | 1 | 1 | 0 | 5 | 78 | 78.00 | 1 | 1 |
Science - Other Science | 0 | 0 | 0 | 0 | 0 | 0.00 | 0 | 0 | |
Religion | 0 | 1 | 3 | 0 | -5 | 45 | 45.00 | 0 | 1 |
History - Other History | 0 | 0 | 1 | 0 | -5 | 0.00 | 0 | 0 | |
Social Science | 0 | 0 | 1 | 0 | -5 | 0.00 | 0 | 0 | |
Philosophy | 0 | 0 | 1 | 0 | -5 | 0.00 | 0 | 0 |